La Importància de la investigació aplicada ; La maquinària antiga i el futur Museu del Teixit de Punt / [Jordi Palomer i Pons]
Publicado:
Canet de Mar :
Diputació de Barcelona, Escola Universitària d' Enginyeria Tècnica en Teixits de Punt, [1985]
Descripción Física:
17, 15 f. ; 31 cm
MARC
| LEADER | 00000nam a2200000Ia 4500 | ||
|---|---|---|---|
| 001 | 10442 | ||
| 008 | 160829s9999 xx 000 0 cat d | ||
| 080 | |a FU-26-10 | ||
| 100 | |a Palomer i Pons, Jordi |9 38756 | ||
| 245 | |a La Importància de la investigació aplicada ; La maquinària antiga i el futur Museu del Teixit de Punt / [Jordi Palomer i Pons] | ||
| 260 | |a Canet de Mar : |b Diputació de Barcelona, Escola Universitària d' Enginyeria Tècnica en Teixits de Punt, [1985] | ||
| 300 | |a 17, 15 f. ; |c 31 cm | ||
| 650 | |a Maquinària tèxtil |9 38757 | ||
| 650 | |a Gèneres de punt |x Investigació |9 38758 | ||
| 710 | 2 | |a Escola Universitària d'Enginyeria Tècnica en Teixits de Punt (Canet de Mar) |9 54348 | |
| 901 | |a Arxiu | ||
| 942 | |n 1 | ||
| 952 | |0 0 |1 0 |4 0 |6 FU2610 |7 1 |9 48582 |a Arxiu |b Arxiu |d 2016-12-01 |l 0 |o FU-26-10 |p 10442 |r 2016-12-01 00:00:00 |w 2016-12-01 |y ARXIU | ||
| 999 | |c 52412 |d 52412 | ||